| 000 | 00758nam a22002057a 4500 | ||
|---|---|---|---|
| 005 | 20140924135349.0 | ||
| 010 | _aB-538711 | ||
| 020 |
_a9788175347885 _c425.00 |
||
| 035 | _aB-538711 | ||
| 037 | _bUBH | ||
| 082 | _a343.047 | ||
| 100 | _aSatija, Kalpana | ||
| 245 |
_aTextbook on Economics for Law Students/ _cby Kalpana Satija |
||
| 260 |
_aNew Delhi _bUniversal Law Publishing _c2013 |
||
| 270 |
_aA-58, G.T. Karnal Road Industrial Area, (near Azad Pur Metro Station) _bDelhi _e110033 |
||
| 300 |
_a710p _c24cm(pbk) |
||
| 500 | _aindex includes | ||
| 942 |
_2ddc _cEN _mSAT _h343.047 |
||
| 999 |
_c87922 _d87922 |
||